000
00353nam a22001217a 4500
040
_c
HS
082
_a
352
100
_a
NA
245
_a
សៀវភៅណែនាំស្តីពីការគ្រប់គ្រងគណនេយ្យ និង ហិរញ្ញវត្ថុ
260
_a
Cambodia
_b
NA
_c
NA
300
_a
273p;
942
_c
KB
999
_c
10288
_d
10288